Juana de Arco en la hoguera

Guardat en:
Dades bibliogràfiques
Autor principal: Claudel, Paul (Autor)
Format: Llibre
Idioma:espanyol
Publicat: Buenos Aires General Fabril 1961
Col·lecció:Los Libros del Mirasol
Matèries:
Etiquetes: Afegir etiqueta
Sense etiquetes, Sigues el primer a etiquetar aquest registre!

MARC

LEADER 00000nam a2200000 a 4500
001 UCO5448
003 CL-VaPUC
008 000901e19610000AG |||||||||||||||||spa|d
082 0 4 |a 842  |b CLA  |2 21 
100 0 |a Claudel, Paul  |e author  |9 333185 
245 1 0 |a Juana de Arco en la hoguera 
300 |a 137 p 
942 |c BK 
945 |d 20000901 00:00:00  |a crobeson 
260 |a Buenos Aires  |b General Fabril  |c 1961 
650 7 |a DRAMAS FRANCESES  |2 CL-VaPUC  |9 267189 
650 0 |a Literatura francesa  |9 266330 
583 |a last modification  |c 20000901 00:00:00  |k Rodrigo Vera 
490 0 |a Los Libros del Mirasol 
999 |c 291306  |d 291304 
952 |0 0  |1 0  |4 0  |6 842_000000000000000_CLA_1961  |7 0  |8 A  |9 341118  |a BIBART  |b BIBART  |d 2019-11-20  |i 1220438  |o 842 CLA 1961  |p 1220438  |r 2025-03-13  |w 2019-11-20  |y BK  |k ART